| 000 | 00995nam a2200253 i 4500 | ||
|---|---|---|---|
| 001 | 167767 | ||
| 003 | ES-MaACL | ||
| 005 | 20250809063532.0 | ||
| 008 | 191118s1933 sp | |||||||| ||spa d | ||
| 245 | 0 | 0 |
_aHélade y Roma _b: el origen del cristianismo / _cpor Walter Goetz, Carlos Julio Beloch, Gaetano de Sanctis, Ernesto Hohl, Hans, Barón de Soden ; versión española de Manuel García Morente. |
| 260 |
_aMadrid : _bEspasa-Calpe, _c1933. |
||
| 300 |
_aXVI, 740 p., 36 h. (algunas plegadas) : _bil. col. y n., mapas ; _c27 cm. |
||
| 651 | 4 |
_aGrecia- _xHistoria. _98777 |
|
| 651 | 4 |
_aRoma- _xHistoria. _99312 |
|
| 700 | 1 |
_aGoetz, Walter, _d1867-1958 _957579 |
|
| 700 | 1 |
_aBeloch, Karl Julius. _9168669 |
|
| 700 | 1 |
_aDe Sanctis, Gaetano. _9172287 |
|
| 700 | 1 |
_aHohl, Ernst Heinrich. _9168670 |
|
| 700 | 1 |
_aSoden, Hans, _cBarón de. _9168671 |
|
| 700 | 1 |
_aGarcía Morente, Manuel, _d1886-1942 _955002 |
|
| 852 |
_aES-MaACL _jF-15080 |
||
| 942 | _2udc | ||
| 999 |
_c167767 _d167767 |
||